NLSUI OPAC header image

The theory of political coalitions / (Record no. 2138)

MARC details
000 -LEADER
fixed length control field 00578pam a2200205 a 4500
001 - CONTROL NUMBER
control field 1423044
005 - DATE AND TIME OF LATEST TRANSACTION
control field 20260407104605.0
008 - FIXED-LENGTH DATA ELEMENTS--GENERAL INFORMATION
fixed length control field 840130r19841962ctua b 001 0 eng
010 ## - LIBRARY OF CONGRESS CONTROL NUMBER
LC control number 84000684
020 ## - INTERNATIONAL STANDARD BOOK NUMBER
International Standard Book Number 0313242992
082 ## - DEWEY DECIMAL CLASSIFICATION NUMBER
Classification number 320.5 RIK
100 1# - MAIN ENTRY--PERSONAL NAME
Personal name Riker, William H.
245 14 - TITLE STATEMENT
Title The theory of political coalitions /
Statement of responsibility, etc. by William H. Riker.
260 ## - PUBLICATION, DISTRIBUTION, ETC.
Place of publication, distribution, etc. Westport, Conn. :
Name of publisher, distributor, etc. Greenwood Press,
Date of publication, distribution, etc. 1984, c1962.
300 ## - PHYSICAL DESCRIPTION
Extent xii, 300 p. :
Other physical details ill. ;
Dimensions 23 cm.
365 ## - TRADE PRICE
Price amount Rs.5
650 #0 - SUBJECT ADDED ENTRY--TOPICAL TERM
Topical term or geographic name entry element Political science
General subdivision Methodology.
650 #0 - SUBJECT ADDED ENTRY--TOPICAL TERM
Topical term or geographic name entry element Coalitions
942 ## - ADDED ENTRY ELEMENTS (KOHA)
Source of classification or shelving scheme Dewey Decimal Classification
Koha item type BOOKs
Holdings
Withdrawn status Lost status Source of classification or shelving scheme Damaged status Not for loan Home library Current library Shelving location Date acquired Cost, normal purchase price Total Checkouts Full call number Barcode Date last seen Price effective from Koha item type
    Dewey Decimal Classification     . . General Stacks 30.05.2017 5.00   320.5 RIK 2263 30.05.2017 30.05.2017 BOOKs